Después del día diez : (Record no. 164030)

MARC details
000 -CABECERA
campo de control de longitud fija 00754nam a2200217 u 4500
005 - FECHA Y HORA DE LA ÚLTIMA TRANSACCIÓN
campo de control 20220531063710.0
008 - ELEMENTOS DE LONGITUD FIJA--INFORMACIÓN GENERAL
campo de control de longitud fija 130805s2004 mx r 000 0 spa d
020 ## - NÚMERO INTERNACIONAL NORMALIZADO PARA LIBROS
Número Internacional Estándar del Libro 9703000800
035 ## - NÚMERO DE CONTROL DEL SISTEMA
Número de control de sistema UPN01000191927
049 ## - COLECCIÓN
Colección CG
050 #4 - SIGNATURA TOPOGRÁFICA DE LA BIBLIOTECA DEL CONGRESO
Número de clasificación PQ8520.13 A5.6
Número de documento/Ítem D4.7
100 1# - ASIENTO PRINCIPAL--NOMBRE PERSONAL
Nombre de persona Campodónico, Miguel Angel,
Fechas asociadas al nombre 1937-
9 (RLIN) 35322
245 10 - MENCIÓN DE TÍTULO
Título Después del día diez :
Resto del título Carlitos Páez : testimonio de vida relatado al escritor /
Mención de responsabilidad, etc. Miguel Angel Campodónico.
260 ## - PUBLICACIÓN, DISTRIBUCIÓN, ETC.
Lugar de publicación, distribución, etc. México :
Nombre del editor, distribuidor, etc. El Arca,
Fecha de publicación, distribución, etc. 2004.
300 ## - DESCRIPCIÓN FÍSICA
Extensión 150 p.
440 #0 - MENCIÓN DE SERIE/ASIENTO SECUNDARIO--TÍTULO
Título De jovenes para jovenes
650 #7 - ASIENTO SECUNDARIO DE MATERIA - TERMINO TEMATICO
Término de materia o nombre geográfico como elemento de entrada Literatura uruguaya
Fuente del encabezamiento o término
9 (RLIN) 5065
650 #4 - ASIENTO SECUNDARIO DE MATERIA - TERMINO TEMATICO
Término de materia o nombre geográfico como elemento de entrada AERONAUTICA -
Subdivisión de forma LITERATURA JUVENIL
9 (RLIN) 2019
650 #4 - ASIENTO SECUNDARIO DE MATERIA - TERMINO TEMATICO
Término de materia o nombre geográfico como elemento de entrada SUPERVIVENCIA (DESPUES DE ACCIDENTES AEREOS, NAUFRAGIOS, ETC.)
9 (RLIN) 20967
905 ## - TIPO DE MATERIAL
Tipo de material Libro
Holdings
Estado de retiro Estado de pérdida Fuente del sistema de clasificación o colocación Estado dañado No para préstamo Código de colección Localización permanente Ubicación/localización actual Ubicación en estantería Total de préstamos Clasificación Código de barras Fecha visto por última vez Número de copia Tipo de ítem Koha
    Library of Congress Classification     Colección General Bib. Gregorio Torres Quintero Bib. Gregorio Torres Quintero Planta baja   PQ8520.13 A5.6 D4.7 289255 31/12/2020 1 Libro